| 000 | 01277cam a22003617a 4500 | ||
|---|---|---|---|
| 003 | CHAP | ||
| 005 | 20220817040851.0 | ||
| 008 | 971013s1991 r 00010 d | ||
| 010 | _a1744 | ||
| 011 | _a2716 | ||
| 035 | _a1912 | ||
| 040 | _cCHAP | ||
| 090 | _aTesis | ||
| 100 | 0 | 0 |
_aAvila Adame, Cruz. _98758 |
| 245 | 0 | _aEpidemiología de la sigotoka negra (Mycoshaerella fijiensis) del plátano (Musa AAA subgrupo cavendish) bajo diferente nivel de control comercial en Tabasco, México | |
| 260 |
_aMontecillo, Méx. : _bEl autor, _c1991 |
||
| 300 |
_a75 h. _b: ilus. |
||
| 502 | _aTesis (M.C. Esp. en Fitopatología) -- C.P. Centro de Fitopatología | ||
| 590 |
_aALEPH _b10 _c20130110 _lUCH01 _h1209 |
||
| 590 |
_aBATCH-UPD _b10 _c20130110 _lUCH01 _h1636 |
||
| 590 |
_aBATCH-UPD _b10 _c20130410 _lUCH01 _h1028 |
||
| 590 |
_aBATCH-UPD _b10 _c20130914 _lUCH01 _h0617 |
||
| 590 |
_aCONVERSION _b10 _c20130109 _lUCH01 _h1302 |
||
| 650 | 1 | 4 | _aEpidemiología. |
| 650 | 1 | 4 |
_aMycosphaerella fijiensis. _979933 |
| 650 | 1 | 4 |
_aPlátano _xEnfermedades. _989231 |
| 650 | 1 | 4 |
_aPlátano _xMercadeo. _989252 |
| 650 | 1 | 4 |
_aPlátano _xTabasco. _989270 |
| 901 | _aBK | ||
| 942 | _cFOLL | ||
| 949 |
_bBC _cTES _d-11407 _eTS1 _h23883 _i1912 _si |
||
| 949 |
_bBC _cTES _d-70046 _eTS2 _fc.2 _h23883 _i1912 _si |
||
| 999 |
_c1744 _d1744 |
||